000 00290nam a22001337a 4500
008 170914b xxu||||| |||| 00| 0 eng d
020 _a0668064072
041 _aeng
080 _a7
100 _a44
101 _aART
245 _aGARDEN PLANNING AND DESIGN
_cHUNT, P.F
942 _2udc
_cBK
999 _c27567
_d27567